000 01002nmm a2200253 a 4500
005 20200104041756.0
008 170531t2016 ck gq||d|f00| 0 spa d
020 _a9789588901244
040 _aCO-BoIAVH
_cCO-BoIAVH
041 _aspa
044 _ack
090 _aMM-
245 0 0 _aPolítica para la gestión sostenible del suelo. /
_h[Libro electrónico]
256 _a1 libro electrónico (1 archivo : 19.730.927 bytes)
260 _aBogotá (Colombia) :
_bMinisterio de Ambiente y Desarrollo Sostenible,
_c2016.
300 _a1 CD-ROM ;
_c12 cm. de diametro
538 _aRequiere acrobat reader o programa similar de apertura de archivos en pdf.
650 2 6 _aPolítica ambiental
650 2 6 _aRecursos naturales
650 2 6 _aSuelo
650 2 6 _aDesarrollo sostenible
710 1 _aColombia
_bMinisterio de Ambiente y Desarrollo Sostenible
_bGrupo de Divulgación de Conocimiento y Cultura Ambiental
_bCentro de documentación
942 _2z
_cCD-ROM
999 _c19514
_d19514